Estadísticas para Prueba de Letonia

Haz click aquí para tomar la prueba!

Estadísticas generales

  • Esta prueba ha sido tomada 623 veces
  • La puntuación promedio es 14 de 20

Estadísticas de respuestas

PistaRespuesta% Correcto
Países limítrofesEstonia
99%
Países limítrofesLituania
99%
Países limítrofesRusia
99%
CapitalRiga
97%
País del que Letonia obtuvo su independencia en 1991Unión Soviética
96%
Letonia toca este marMar Báltico
94%
País con una bandera similar:
Austria
93%
Países limítrofesBielorrusia
92%
Letonia ocupa el segundo puesto entre las personas
más _____ del mundo, detrás de los Países Bajos.
Altas
85%
Moneda de LetoniaEuro
80%
El 52% de la tierra de Letonia está cubierta de...Bosques
72%
El deporte más popularHockey sobre hielo
68%
El explorador letón Aleksandrs Laime es el primer humano
registrado que llegó a esta cascada sudamericana a pie
Salto Ángel
67%
País que controlaba las partes nororientales de Letonia entre 1629 y 1721Suecia
56%
Rama del protestantismo que es la mayor denominación cristiana del paísLuterana
50%
La capital de Letonia formaba parte de esta confederación comercial de la Edad MediaLiga {Hanseática}
31%
El jugador de baloncesto letón que fue nombrado una estrella de la NBA en 2018Kristaps {Porziņģis}
30%
Se ha afirmado que la capital de Letonia tiene la mayor colección
de edificios construidos en este estilo arquitectónico
Art Nouveau
23%
Idioma, empezando con L, cuyo último hablante nativo murió en 2013Livonio
21%
Serie de eventos que llevaron a la independencia de Letonia y dos de sus vecinosRevolución {Cantada}
18%

Distribución de puntuación

Porcentaje por número respondido

Porcentaje de gente con cada puntuación

Historial de tus puntuaciones

No has tomado esta prueba